| 000 | 00568 a2200205 4500 | ||
|---|---|---|---|
| 003 | OSt | ||
| 005 | 20180116182928.0 | ||
| 008 | 170808b xxu||||| |||| 00| 0 eng d | ||
| 020 | _a9780074710395 | ||
| 022 | _a9780074710395 | ||
| 040 | _c0 | ||
| 082 | _a302.35 MCS 2003 | ||
| 100 | _aSteven Mcshane. | ||
| 245 |
_aOrganisational Behaviour. _bOn the Pacific Rim. _cSteven Mcshane. |
||
| 260 |
_aAustralia. _bMcGraw Hill. _c2003. |
||
| 300 |
_a672p. _bpb |
||
| 440 | _aOrganisational Behaviour. | ||
| 500 | _aPaper Cover. | ||
| 942 |
_aNBS _cBK _k302.35 MCS 2003 _2ddc |
||
| 999 |
_c348711 _d348711 |
||